00195nam a2200073Ia 4500008004100000082001200041100002600053245004200079190716s9999 xx 000 0 und d aTT-123# aTripathi, Patitapaban 0aVoting behaviour of tribals in Orissa